STN EN 1313-1+A1: 2001 (49 1014) [neplatná], Guľatina a rezivo. Dovolené odchýlky a prednostné rozmery Časť 1 Ihličnaté rezivo
Táto národná norma je identická s EN 1313-1: 1997 vrátane jej Zmeny A1: 1999
| Main Author: | |
|---|---|
| Corporate Author: | |
| Other Authors: | |
| Format: | Book |
| Language: | Slovak English |
| PhysicalDescription: | 12 s. tab. 30 cm |
| Published: |
Bratislava
Slovenský ústav technickej normalizácie
2001
|
| Subjects: |
MARC
| LEADER | 00000nam a2200000 a 4500 | ||
|---|---|---|---|
| 001 | vtls010650286 | ||
| 003 | SK-MaSNL | ||
| 005 | 20260301043307.0 | ||
| 008 | 160430s2001 xo a f u 000 0 slo | ||
| 015 | |a SNBN2015 | ||
| 020 | |c (cen. skup. 10) | ||
| 040 | |a SNK |b slo |c SNK |e AACR2 | ||
| 041 | 1 | |a slo |h eng | |
| 044 | |a xo |c SK | ||
| 046 | |a m |m 200101 (účin.) |n 201008 (zruš.) | ||
| 072 | 7 | |a 58 |x Botanika |2 konspekt | |
| 072 | 7 | |a 674 |x Drevo. Drevársky priemysel |2 konspekt | |
| 080 | |a 582.47 |2 2001 | ||
| 080 | |a 674.06 |2 2001 | ||
| 080 | |a 006.7/.8 |2 2001 | ||
| 080 | |a (437.6) |2 2001 | ||
| 080 | |a (4) |2 2001 | ||
| 080 | |a (083) |2 2001 | ||
| 084 | |a 79.040 |2 ICS | ||
| 130 | 0 | |a STN 49 1014 (STN EN 1313-1+A1) [neplatná] |9 347876 | |
| 245 | 1 | 0 | |a STN EN 1313-1+A1: 2001 (49 1014) [neplatná], Guľatina a rezivo. Dovolené odchýlky a prednostné rozmery |n Časť 1 |p Ihličnaté rezivo |
| 246 | 1 | 0 | |a Guľatina a rezivo |
| 246 | 1 | 0 | |a Dovolené odchýlky a prednostné rozmery |
| 246 | 1 | 0 | |a Ihličnaté rezivo |
| 246 | 3 | 0 | |a EN 1313-1: 1997 |
| 260 | |a Bratislava |b Slovenský ústav technickej normalizácie |c 2001 | ||
| 300 | |a 12 s. |b tab. |c 30 cm | ||
| 500 | |a Súbežný názov v angličtine, francúzštine, nemčine | ||
| 500 | |a Spracovateľ: Drevárska fakulta, TU vo Zvolene, Anna Šúriková ; SÚTN Oľga Balážová | ||
| 500 | |a Táto norma nahrádza článok 20 STN 49 1111 z 31.8.1989 | ||
| 500 | |a Norma je nahradená normou STN EN 1313-1 z augusta 2010 v celom rozsahu | ||
| 504 | |a Citované normy, súvisiace normy a súvisiace právne predpisy s. [1] | ||
| 520 | 8 | |a Táto národná norma je identická s EN 1313-1: 1997 vrátane jej Zmeny A1: 1999 | |
| 540 | |a STN vydané na akomkoľvek nosiči sa môžu rozmnožovať a rozširovať iba so súhlasom určenej právnickej osoby |b SÚTN Bratislava |c zákon 264/1999 Z. z. | ||
| 650 | 0 | 7 | |a ihličnany |2 SNKPH |9 70260 |
| 650 | 0 | 7 | |a technické normy a štandardy |z krajiny Európskej únie |2 SNKPH |9 289341 |
| 650 | 0 | 7 | |a technické normy a štandardy |z Slovensko |2 SNKPH |9 79594 |
| 650 | 0 | 7 | |a Conifers |2 SNKPHeng |9 318494 |
| 650 | 0 | 7 | |a úžitkové drevo |2 SNKPH |9 49578 |
| 650 | 0 | 7 | |a Industrial wood |2 SNKPHeng |9 347877 |
| 655 | 7 | |a normy |2 SNKPH |9 70643 | |
| 700 | 1 | |a Šúriková, Anna, |d 1945- |4 trl |9 112051 | |
| 700 | 1 | |a Balážová, Oľga |4 aut |9 278927 | |
| 710 | 2 | |a Slovenský ústav technickej normalizácie (Bratislava, Slovensko). |b Technická normalizačná komisia č. 16 Drevárske výrobky |4 stn |9 314404 | |
| 710 | 2 | |a Technická univerzita vo Zvolene. |b Drevárska fakulta |4 aut |9 32731 | |
| 958 | |a OP | ||
| 958 | |a NB | ||
| 999 | |c 593213 |d 595143 | ||
| 952 | |a SNK |b SNK |y PREZ |7 0 |p 17A1135525 |o snkSTN EN 1313-1+A1 |i snk2015/2667 |8 0 |0 0 |1 0 |4 0 |d 2015-01-28 |l 0 |r 2026-02-23 15:30:40 |w 2026-02-23 | ||
| 952 | |a SNK |b SNK |y PREZ |7 0 |p 17A1135526 |o snkSTN EN 1313-1+A1 D1 |i snk2015/2668 |8 0 |0 0 |1 0 |4 0 |d 2015-01-28 |l 0 |r 2026-02-23 15:30:40 |w 2026-02-23 | ||


